zpět

Detail výsledku týmu

Luka bar, Praha

Datum a čas kvízu

38 Celkem bodů Celkový počet nahraných bodů na tomto kvízu bez doplňovacích otázek.
2. Pořadí na kvízu Konečné umístění týmu na tomto kvízu.

Zaznamenané odpovědi

# Otázka Odpověď Body Výsledky
1. Město Praha minulý týden oznám... o jednorázové plastové nádobí 1
2. Do boje o Bílý dům se minulý t... Joe Biden 1
3. Minulý týden vstoupil do kin p... (Avengers:) Endgame 1
4. Jistý český internetový portál... Seznam.cz 1
5. Olomoucké hráčky ve třetím fin... o volejbale 1
6. Na obrázku vidíme nizozemské m... Gouda 0
7. Jak se jmenuje bývalá nizozems... Beatrix 1
8. Nizozemsko se může pyšnit slav... Hieronymus Bosch 1
9. V nizozemském Haagu sídlí jist... Shell 0
10. Mezi nejoblíbenější sporty v N... PSV Eindhoven 0